Berühmte Belgier - Statistiken

Allgemein
  • Dieses Quiz wurde 60 mal gespielt
  • Das Durchschnittsergebnis liegt bei 7 aus 20
Antwortstatistiken
Hint Antwort % Korrekt
Erfinder eines nach ihm benannten Holzblasinstrumentes, welches äußerst populär im Jazz, aber auch im Rock und Pop ist Adolphe Sax
67%
Action-Star: Harte Ziele, Timecop, Universal Soldier, Cyborg Jean-Claude Van Damme
65%
Belgischer König von 1865 bis 1909, Verantwortlich für die Kongogräuel Leopold II
65%
Radrennfahrer, welcher zwischen 1968 und 1974 fünfmal die Tour de France und den Giro d’Italia gewinnen konnte Eddy Merckx
59%
Fußball-Mittelfeldspieler: 2007-2012 bei Lille, 2012-2019 bei Chelsea, seitdem bei Real Madrid, Bruder bei Gladbach und aktuell beim BVB Eden Hazard
59%
Fußball-Mittelfeldspieler: 96-00 und 01-03 bei Schalke, von 2012 - 2016 Trainer Belgiens Marc Wilmots
48%
Zentraler Mittelfeld-Fußballspieler mit Afrofrisur, seit 2018 bei Borussia Dortmund Axel Witsel
46%
Fußball-Torwart: 1982 - 1988 bei Bayern München Jean-Marie Pfaff
46%
Erfinder von Tim und Struppi Hergé
41%
Surrealistischer Maler (k)einer Pfeife René Magritte
41%
Kartograph und Entwickler einer Kartenprojektion, welche bei den meisten Weltkarten verwendet wird Gerhard Mercator
33%
König der Belgier seit 2013 Philippe
33%
Rennaissance-Maler: Großer Turmbau zu Babel, Die niederländischen Sprichwörter, Die Bauernhochzeit Pieter Bruegel
28%
Chanson-Sänger: Ne me quitte pas, Amsterdam, Le plat pays, La chanson de Jacky, Orly Jacques Brel
26%
Erfinder von Lucky Luke Morris
17%
Spätmittelalterlicher Maler: Genter Altar, Die Arnolfini-Hochzeit, Dresdner Marienaltar, Mann mit rotem Turban Jan van Eyck
15%
Radrennfahrer und Klassikerspezialist, gewann zwischen 2005 und 2012 fünfmal Paris–Roubaix und dreimal die Flandern-Rundfahrt, sowie 2007 das grüne Trikot der Tour de France Tom Boonen
15%
Erfinder des Bakelits, des ersten Massenkunststoffes Leo Hendrik Baekeland
11%
Erfinder der Schlümpfe Peyo
11%
Physiker und Theologe, welcher die Urknalltheorie aufstellte Georges Lemaître
7%
Keine übereinstimmenden Quizze gefunden
Verteilung der Resultate
Anzahl Personen mit jedem Resultat
Perzentil nach korrekt beantworteten Fragen
Ihre Resultats-Entwicklung
Sie haben dieses Quiz noch nicht gespielt